Normal view
MARC view
Entry Meeting Name
001 - CONTROL NUMBER
- control field: 22010
003 - CONTROL NUMBER IDENTIFIER
- control field: OSt
005 - DATE AND TIME OF LATEST TRANSACTION
- control field: 20211105134622.0
008 - FIXED-LENGTH DATA ELEMENTS
- fixed length control field: 211105|| aca||aabn | a|a d
040 ## - CATALOGING SOURCE
- Original cataloging agency: OSt
- Transcribing agency: OSt
111 ## - HEADING--MEETING NAME
- Meeting name or jurisdiction name as entry element: Symposium of the International Astronomical Union
- Location of meeting: Japan
- Date of meeting or treaty signing: 1997 Aug. 18-22
670 ## - SOURCE DATA FOUND
- Source citation: Work cat.: (OSt): Symposium of the International Astronomical Union Japan 1997 Aug. 18-22, New eyes to see inside the sun and the stars- pushing the limits of helio and asteroseismology with new observations fromground and from space, 1998